Growing vegetable soup / (Record no. 2464)

MARC details
000 -LEADER
fixed length control field 00940cam a22003015a 4500
005 - DATE AND TIME OF LATEST TRANSACTION
control field 20250502095057.0
020 ## - INTERNATIONAL STANDARD BOOK NUMBER
International Standard Book Number 0590450301
040 ## - CATALOGING SOURCE
Original cataloging agency IG#
Transcribing agency IG#
Modifying agency BAKER
-- DLC
Language of cataloging eng
050 ## - LIBRARY OF CONGRESS CALL NUMBER
Classification number PZ7.E3225
082 04 - DEWEY DECIMAL CLASSIFICATION NUMBER
Classification number 635
100 1# - MAIN ENTRY--PERSONAL NAME
Personal name Ehlert, Lois
245 10 - TITLE STATEMENT
Title Growing vegetable soup /
Statement of responsibility, etc. Written and illustrated by Lois Ehlert
250 ## - EDITION STATEMENT
Edition statement First Scholastic Printing , March 1992
260 ## - PUBLICATION, DISTRIBUTION, ETC.
Place of publication, distribution, etc. Orlando :
Name of publisher, distributor, etc. Scholastic,
Date of publication, distribution, etc. 1987
300 ## - PHYSICAL DESCRIPTION
Extent 30 unnumbered pages :
Other physical details Color illustrations ;
Dimensions 24 cm
500 ## - GENERAL NOTE
General note Cover title.
500 ## - GENERAL NOTE
General note On board pages.
500 ## - GENERAL NOTE
General note "Red wagon books"--P. [4] of cover.
505 ## - FORMATTED CONTENTS NOTE
Formatted contents note G <br/>
520 ## - SUMMARY, ETC.
Summary, etc. A father and child grow vegetables and then make them into a soup.
521 1# - TARGET AUDIENCE NOTE
Target audience note 360 <br/>
Source Lexile <br/>
521 1# - TARGET AUDIENCE NOTE
Target audience note G <br/>
Source Raz-Plus <br/>
650 #1 - SUBJECT ADDED ENTRY--TOPICAL TERM
Topical term or geographic name entry element Vegetable gardening
Form subdivision Fiction
650 #1 - SUBJECT ADDED ENTRY--TOPICAL TERM
Topical term or geographic name entry element Soups
Form subdivision Fiction
906 ## - LOCAL DATA ELEMENT F, LDF (RLIN)
a 0
b ibc
c copycat
d 4
e epcn
f 20
g y-gencatlg
942 ## - ADDED ENTRY ELEMENTS (KOHA)
Source of classification or shelving scheme Dewey Decimal Classification
Koha item type Books
Suppress in OPAC No
999 ## -
-- 2464
-- 2464
Holdings
Withdrawn status Lost status Source of classification or shelving scheme Damaged status Not for loan Collection Home library Current library Shelving location Date acquired Total Checkouts Full call number Barcode Date last seen Date last checked out Copy number Price effective from Koha item type
    Dewey Decimal Classification     Juvenile Fiction Footprints International School Library Network Toul Tom Poung Campus Footprints International School Library Network Toul Kork Campus TTP Primary Green Bookshelves 12/11/2023 3 EHL 635 PZ7.E3225 FISTK02598 07/24/2025 06/30/2025 1 12/11/2023 Books
    Dewey Decimal Classification     Juvenile Fiction Footprints International School Library Network Toul Kork Campus Footprints International School Library Network Toul Kork Campus TK Primary Library Room(4th Floor), Bookcase 7, Shelves 57-60, Dark Green Books 05/02/2025 1 EHL 635 PZ7.E3225 FISTK02727 01/14/2026 11/11/2025 2 05/02/2025 Books
    Dewey Decimal Classification     Juvenile Fiction Footprints International School Library Network Toul Kork Campus Footprints International School Library Network Toul Kork Campus TK Primary Library Room(4th Floor), Bookcase 7, Shelves 57-60, Dark Green Books 05/02/2025   EHL 635 PZ7.E3225 2025-1137 05/02/2025   3 05/02/2025 Books